[Event "26th EUR-ch"]
[Site "Katowice POL"]
[Date "2026.04.14"]
[Round "7.107"]
[White "Macias Pino, Diego"]
[Black "Hryzlova, Sofiia"]
[Result "1/2-1/2"]
[WhiteElo "2495"]
[BlackElo "2278"]
[EventDate "2026.04.07"]
[PlyCount "211"]

1.c4 e5 2.Nf3 Nc6 3.g3 g6 4.Nc3 Bg7 5.Bg2 Nge7 6.O-O O-O 7.d3 d6 8.Bd2 h6 
9.Rb1 a5 10.a3 g5 11.b4 axb4 12.axb4 Ng6 13.b5 Nce7 14.e4 c6 15.Ne1 Be6 
16.Nc2 d5 17.cxd5 cxd5 18.Nb4 dxe4 19.dxe4 Bc4 20.Re1 Qd6 21.Qc1 Rfc8 22.
Qb2 g4 23.Red1 Qe6 24.Ra1 Rxa1 25.Qxa1 Bb3 26.Rc1 Kh7 27.Qb1 Bc4 28.Nbd5 
h5 29.Nxe7 Nxe7 30.Nd5 Kh8 31.Qb4 Bxd5 32.exd5 Rxc1+ 33.Bxc1 Nxd5 34.Qc4 
Nf4 35.Qxe6 Nxe6 36.Be3 Nd8 37.Bd5 Bf6 38.Bc5 Kg7 39.Bd6 Kg6 40.Be4+ Kg5 
41.Kf1 Bg7 42.Bd5 f5 43.Ke2 e4 44.Ke3 Bf6 45.Bc7 Kg6 46.Kf4 Nf7 47.Ke3 Nd8
48.Bb6 h4 49.Kf4 h3 50.Ke3 Kg5 51.Bc7 Kh5 52.Kf4 Kg6 53.Bb6 Bg5+ 54.Ke5 
Be7 55.Be3 Bb4 56.Be6 Bc3+ 57.Kd5 Kf6 58.Bc8 Ba5 59.b6 Bb4 60.Bf4 Ba3 61.
Be5+ Kg6 62.Bc7 Be7 63.Bf4 Kf6 64.Bd2 Ba3 65.Bc3+ Kg6 66.Bd7 Bf8 67.Be8+ 
Kg5 68.Be5 Be7 69.Bd7 Kg6 70.Kc4 Kg5 71.Bc8 Kg6 72.Bf4 Kf6 73.Kb5 Kg6 74.
Bc7 Kg5 75.Bxd8 Bxd8 76.Bxb7 Bf6 77.Kc5 Be5 78.Kd5 Kf6 79.Bc6 Bb8 80.b7 
Ke7 81.Bb5 Bc7 82.Kc6 Bb8 83.Kd5 Bc7 84.Be2 Kd7 85.Bc4 Bb8 86.Bb3 Bc7 87.
Ba4+ Ke7 88.Kc6 Bb8 89.Bd1 Be5 90.Bb3 Bb8 91.Bd5 Be5 92.Bg8 Bb8 93.Kd5 Kf6
94.Be6 Ba7 95.Kd6 Bb8+ 96.Kd7 Ke5 97.Kc8 Bd6 98.Bd7 e3 99.fxe3 Ke4 100.
b8=R Bxb8 101.Kxb8 Kxe3 102.Bxf5 Kf3 103.Bxg4+ Kxg4 104.Kc7 Kf3 105.Kd6 
Kg2 106.g4 1/2-1/2

[Event "26th EUR-ch"]
[Site "Katowice POL"]
[Date "2026.04.14"]
[Round "7.108"]
[White "Szakmary, Domonkos"]
[Black "Ioannidis, Evgenios"]
[Result "0-1"]
[WhiteElo "2278"]
[BlackElo "2487"]
[EventDate "2026.04.07"]
[PlyCount "40"]

1.e4 c5 2.Nf3 Nc6 3.Bb5 e5 4.O-O Bd6 5.d4 Nxd4 6.Bc4 h6 7.Nxd4 cxd4 8.c3 
Nf6 9.cxd4 Qc7 10.Qb3 O-O 11.f4 b5 12.Bd3 Qb6 13.Bc2 Bb7 14.Kh1 Qxd4 15.
Rd1 Qb6 16.Qf3 b4 17.Nd2 Rac8 18.Bb3 exf4 19.Bd5 Bxd5 20.exd5 Rfe8 0-1

[Event "26th EUR-ch"]
[Site "Katowice POL"]
[Date "2026.04.14"]
[Round "7.109"]
[White "Licznerski, Lukasz"]
[Black "Velikic, Adela"]
[Result "1-0"]
[WhiteElo "2486"]
[BlackElo "2278"]
[EventDate "2026.04.07"]
[PlyCount "55"]

1.e4 c5 2.Nf3 d6 3.Bb5+ Bd7 4.Bxd7+ Qxd7 5.O-O Nf6 6.Re1 Nc6 7.c3 e6 8.d4 
cxd4 9.cxd4 d5 10.e5 Ne4 11.Nbd2 Nxd2 12.Bxd2 Be7 13.Rc1 O-O 14.Rc3 Qd8 
15.Rb3 Rb8 16.h4 Na5 17.Rd3 Nc4 18.Bc1 Rc8 19.Ng5 h6 20.Qh5 Qb6 21.Rg3 
Nxb2 22.Nf3 Rxc1 23.Qxh6 Rxe1+ 24.Nxe1 g6 25.h5 g5 26.Nf3 Nc4 27.Nxg5 Qb1+
28.Kh2 1-0

[Event "26th EUR-ch"]
[Site "Katowice POL"]
[Date "2026.04.14"]
[Round "7.110"]
[White "Ahmad, Khagan"]
[Black "Karvatskyi, Oleksii"]
[Result "1-0"]
[WhiteElo "2483"]
[BlackElo "2269"]
[EventDate "2026.04.07"]
[PlyCount "119"]

1.e4 c5 2.Nf3 Nc6 3.d4 cxd4 4.Nxd4 e5 5.Nb5 d6 6.c4 Be6 7.Bd3 Nf6 8.O-O 
Be7 9.b3 O-O 10.N5c3 Nd7 11.Bb2 Nc5 12.Nd5 Bxd5 13.exd5 Nd4 14.b4 Nxd3 15.
Qxd3 Rc8 16.Nd2 Qd7 17.a4 a5 18.bxa5 f5 19.Bxd4 exd4 20.Nb3 Bf6 21.Rfe1 
Rfe8 22.h3 g6 23.Nxd4 Rxe1+ 24.Rxe1 Qxa4 25.Qe3 Rxc4 26.a6 bxa6 27.Qe6+ 
Kg7 28.Nc6 Re4 29.Qd7+ Kh6 30.Rxe4 Qxe4 31.Qxd6 Qe1+ 32.Kh2 Bg5 33.Nd4 
Qxf2 34.Nf3 Qe3 35.Kg3 a5 36.h4 Be7 37.Qc7 Qe4 38.d6 Bxh4+ 39.Nxh4 Qg4+ 
40.Kf2 Qxh4+ 41.Ke2 Qe4+ 42.Kd1 Qd3+ 43.Kc1 Qf1+ 44.Kb2 Qxg2+ 45.Kb3 Qd5+ 
46.Ka4 Qd4+ 47.Kb5 Qe5+ 48.Kb6 Qd4+ 49.Qc5 Qf6 50.Kc7 f4 51.d7 Qf7 52.Kc6 
Qe6+ 53.Qd6 Qc4+ 54.Kb6 Qb3+ 55.Ka6 Qc4+ 56.Ka7 Qf7 57.Ka8 Kh5 58.d8=Q g5 
59.Qd1+ f3 60.Qh1+ 1-0

[Event "26th EUR-ch"]
[Site "Katowice POL"]
[Date "2026.04.14"]
[Round "7.111"]
[White "Tudor, Henry Edward"]
[Black "Goderdzishvili, Giga"]
[Result "1-0"]
[WhiteElo "2457"]
[BlackElo "2261"]
[EventDate "2026.04.07"]
[PlyCount "133"]

1.d4 d5 2.c4 c6 3.Nf3 Nf6 4.e3 g6 5.Nc3 Bg7 6.Be2 O-O 7.O-O a5 8.b3 c5 9.
dxc5 dxc4 10.Qxd8 Rxd8 11.Nd4 cxb3 12.axb3 Nc6 13.Bf3 Bd7 14.Na4 Nxd4 15.
exd4 Bc6 16.Nb6 Ra7 17.Bxc6 bxc6 18.Nc4 Rxd4 19.Rxa5 Rdd7 20.b4 Nd5 21.Bd2
Bd4 22.Rc1 Kg7 23.Kf1 Rab7 24.Ra4 Ra7 25.Na5 e5 26.Rc2 Ra6 27.Ra3 f5 28.
Rb3 Nc7 29.Rd3 Nb5 30.Be1 Kf7 31.f4 e4 32.Rd1 Ke6 33.Rcd2 Rd5 34.Rc2 Be3 
35.Rxd5 Kxd5 36.g3 h6 37.Bf2 Nd4 38.Rb2 Bc1 39.Rb1 Bd2 40.Be1 Bxe1 41.Rxe1
Ra8 42.Kf2 Rb8 43.Rb1 g5 44.Rb2 gxf4 45.gxf4 h5 46.Ke3 h4 47.Rd2 Rxb4 48.
h3 Kxc5 49.Rxd4 Rb5 50.Rc4+ Kd5 51.Ra4 Rb2 52.Rd4+ Kc5 53.Rd2 Rb5 54.Rc2+ 
Kd5 55.Nc4 Rb3+ 56.Ke2 Rxh3 57.Ne3+ Kd6 58.Nxf5+ Ke6 59.Rc5 Rf3 60.Nd4+ 
Kd6 61.Rxc6+ Kd5 62.Nxf3 exf3+ 63.Kxf3 Kxc6 64.Kg4 Kd5 65.Kxh4 Ke6 66.Kg5 
Ke7 67.Kg6 1-0

[Event "26th EUR-ch"]
[Site "Katowice POL"]
[Date "2026.04.14"]
[Round "7.112"]
[White "Besou, Hussain"]
[Black "Saraci, Korab"]
[Result "1-0"]
[WhiteElo "2427"]
[BlackElo "2251"]
[EventDate "2026.04.07"]
[PlyCount "55"]

1.e4 c5 2.Nf3 d6 3.d4 cxd4 4.Nxd4 Nf6 5.Nc3 g6 6.Be3 Bg7 7.f3 O-O 8.Qd2 
Nc6 9.O-O-O Nxd4 10.Bxd4 Be6 11.Kb1 a6 12.h4 h5 13.g4 Rc8 14.gxh5 Nxh5 15.
Rg1 Bxd4 16.Qxd4 Qc7 17.Rg5 Kh7 18.Bd3 f6 19.Nd5 Bxd5 20.Rxh5+ gxh5 21.
exd5+ f5 22.Rg1 Rf6 23.Bxf5+ Kh8 24.Rg5 Rg8 25.Rxh5+ Kg7 26.Be6 Rh8 27.
Qg4+ Rg6 28.Rg5 1-0

[Event "26th EUR-ch"]
[Site "Katowice POL"]
[Date "2026.04.14"]
[Round "7.113"]
[White "Musial, Igor"]
[Black "Medhus, Vitus Bondo"]
[Result "0-1"]
[WhiteElo "2270"]
[BlackElo "2401"]
[EventDate "2026.04.07"]
[PlyCount "86"]

1.e4 c5 2.Nf3 d6 3.d4 cxd4 4.Qxd4 Nc6 5.Qe3 g6 6.Be2 Nf6 7.O-O Bg7 8.h3 
O-O 9.Rd1 Qc7 10.c4 Be6 11.Nc3 Rac8 12.Rb1 Nd7 13.Nd5 Bxd5 14.exd5 Nce5 
15.b3 Qa5 16.Nd4 Qb6 17.Bb2 Nc5 18.Re1 Ned7 19.Rbd1 Rce8 20.Bf1 f5 21.f4 
Nf6 22.Bd3 Nfe4 23.Bxe4 Nxe4 24.Ba1 e5 25.fxe5 Bxe5 26.Ne6 Bxa1 27.Qxb6 
axb6 28.Rxa1 Rf7 29.Nd4 Kg7 30.Nb5 Rd7 31.Re3 Kf6 32.Rae1 Rde7 33.R3e2 Re5
34.Re3 h6 35.g3 R8e7 36.Kg2 g5 37.Nd4 Nxg3 38.Rxe5 Rxe5 39.Rxe5 dxe5 40.
Ne6 Ne4 41.b4 h5 42.a4 g4 43.hxg4 hxg4 0-1

[Event "26th EUR-ch"]
[Site "Katowice POL"]
[Date "2026.04.14"]
[Round "7.114"]
[White "Podolskyi, Mykhailo"]
[Black "Salimova, Nurgyul"]
[Result "0-1"]
[WhiteElo "2255"]
[BlackElo "2399"]
[EventDate "2026.04.07"]
[PlyCount "60"]

1.e4 d6 2.Nf3 Nf6 3.d3 c5 4.g3 Nc6 5.Bg2 g6 6.O-O Bg7 7.Re1 O-O 8.c3 e5 9.
c4 Nd4 10.Nxd4 cxd4 11.Bd2 a6 12.Na3 Rb8 13.Nc2 Nd7 14.a4 Nc5 15.Ra3 f5 
16.b4 Ne6 17.exf5 gxf5 18.Bd5 Kh8 19.Bxe6 Bxe6 20.Nxd4 Bd7 21.Nc2 f4 22.d4
Qf6 23.dxe5 dxe5 24.Qe2 Qg6 25.Rc1 Bg4 26.Qf1 Rbd8 27.Bc3 Qh5 28.Ba1 Rd2 
29.Rd3 fxg3 30.Rxg3 Rfxf2 0-1

[Event "26th EUR-ch"]
[Site "Katowice POL"]
[Date "2026.04.14"]
[Round "7.115"]
[White "Kanov, Nikola"]
[Black "Przybylski, Bartosz"]
[Result "1-0"]
[WhiteElo "2398"]
[BlackElo "2249"]
[EventDate "2026.04.07"]
[PlyCount "145"]

1.e4 e6 2.d4 d5 3.Nd2 c5 4.Ngf3 cxd4 5.Nxd4 Nc6 6.Bb5 Bd7 7.Nxc6 bxc6 8.
Bd3 Qc7 9.Qe2 Ne7 10.O-O Ng6 11.Nf3 Be7 12.e5 c5 13.Re1 O-O 14.c3 Rab8 15.
h4 f5 16.h5 Nh8 17.Ng5 Qd8 18.Nh3 Nf7 19.g4 Ng5 20.Bxg5 Bxg5 21.gxf5 Bh6 
22.Rab1 Qh4 23.Qf3 Be8 24.Qg3 Qxh5 25.f4 exf5 26.Kh2 Rb6 27.Be2 Qf7 28.Qf2
Qc7 29.Bf3 Bf7 30.Rbd1 Rd8 31.b3 Be6 32.Rd2 c4 33.b4 Qf7 34.Red1 Rb7 35.a4
Rbd7 36.a5 Qe7 37.Rd4 Kh8 38.Qg3 Qf8 39.Qh4 Bg8 40.Qg3 Qe7 41.Kg2 Be6 42.
Kf2 Bg8 43.R1d2 Bf7 44.Kf1 Bg8 45.Rh2 Be6 46.Nf2 Bg8 47.Nd1 Be6 48.Qh3 Qe8
49.Ne3 Qf7 50.Qh4 Qf8 51.Qh3 Qf7 52.Kf2 Qf8 53.Rh1 Qf7 54.Qh2 Qf8 55.Rg1 
Qf7 56.Rgd1 a6 57.Ke2 Qg8 58.Qh1 Bxf4 59.Rxf4 g5 60.Rfd4 f4 61.Ng4 Re7 62.
Nf6 Qg6 63.Be4 Bf5 64.Rxd5 Rxd5 65.Rxd5 Kg7 66.Rd6 Rxe5 67.Nh5+ Kf7 68.
Rxg6 hxg6 69.Qg1 Bxe4 70.Qd4 Bd3+ 71.Kd1 Ke6 72.Ng7+ Kf6 73.Qd6+ 1-0

[Event "26th EUR-ch"]
[Site "Katowice POL"]
[Date "2026.04.14"]
[Round "7.116"]
[White "Maltsevskaya, Aleksandra"]
[Black "Romanyshyn, Oleh"]
[Result "1-0"]
[WhiteElo "2393"]
[BlackElo "2255"]
[EventDate "2026.04.07"]
[PlyCount "55"]

1.e4 e5 2.Nf3 Nc6 3.d4 exd4 4.Bc4 Nf6 5.e5 Ne4 6.Qe2 Nc5 7.O-O Ne6 8.Bxe6 
fxe6 9.Rd1 d5 10.Nxd4 Nxd4 11.Rxd4 Be7 12.Qf3 Bc5 13.Rf4 Qe7 14.Nd2 Bd7 
15.Nb3 Bb6 16.a4 a5 17.Be3 c5 18.Qh5+ g6 19.Qh6 d4 20.Bd2 Bc7 21.Rf3 Bxe5 
22.Bg5 Qd6 23.Nd2 Qd5 24.Re1 Bc6 25.b3 d3 26.cxd3 Qd4 27.Nc4 Bxf3 28.Nxe5 
1-0

[Event "26th EUR-ch"]
[Site "Katowice POL"]
[Date "2026.04.14"]
[Round "7.117"]
[White "Oktem, Ege Tuna"]
[Black "Smietanska, Wiktoria"]
[Result "0-1"]
[WhiteElo "2392"]
[BlackElo "2248"]
[EventDate "2026.04.07"]
[PlyCount "142"]

1.e4 e5 2.Nf3 Nc6 3.Bc4 Bc5 4.c3 Nf6 5.d4 exd4 6.e5 d5 7.Bb5 Ne4 8.cxd4 
Bb6 9.Nc3 O-O 10.Be3 Bg4 11.h3 Bh5 12.Qc2 Bg6 13.Qb3 Ne7 14.O-O c6 15.Bd3 
Nd2 16.Bxd2 Bxd3 17.Rfe1 Bf5 18.Bg5 h6 19.Bh4 Re8 20.Rad1 Qc8 21.Rc1 Be6 
22.Bxe7 Rxe7 23.Na4 Bd8 24.Nc5 Bf5 25.Nh2 b6 26.Nd3 Rc7 27.Nf4 Bg5 28.Qg3 
Qd7 29.h4 Bxf4 30.Qxf4 c5 31.Nf1 c4 32.Ng3 Bd3 33.Re3 Rac8 34.Nh5 Bg6 35.
Ng3 b5 36.Rce1 Rc6 37.h5 Bh7 38.Nf1 b4 39.Rg3 c3 40.bxc3 bxc3 41.Ne3 c2 
42.Rc1 Qe6 43.Ng4 Kh8 44.Rb3 Ra6 45.Rb7 Rxa2 46.Ne3 Kg8 47.Rb5 Qa6 48.Rb3 
Ra1 49.Nxd5 Rxc1+ 50.Qxc1 Qa2 51.Rb5 a6 52.Ne7+ Kf8 53.Rb7 Re8 54.Ng6+ 
fxg6 55.Kh2 Qd5 56.Qf4+ Kg8 57.Rc7 g5 58.Qe3 Rf8 59.f3 Rd8 60.Qa3 Qe6 61.
Qc5 Qe8 62.g4 Qf8 63.Qc4+ Kh8 64.Kg2 Qf4 65.e6 Qd2+ 66.Kh3 Qf4 67.e7 Qxf3+
68.Kh2 Qf2+ 69.Kh3 Re8 70.Rc8 Qe3+ 71.Kh2 Qxe7 0-1

[Event "26th EUR-ch"]
[Site "Katowice POL"]
[Date "2026.04.14"]
[Round "7.118"]
[White "Sherman, Raem"]
[Black "Mierins, Emils Janis"]
[Result "1-0"]
[WhiteElo "2391"]
[BlackElo "2223"]
[EventDate "2026.04.07"]
[PlyCount "131"]

1.e4 c5 2.Nf3 g6 3.c3 d5 4.exd5 Qxd5 5.d4 Bg7 6.Nbd2 cxd4 7.Bc4 Qd8 8.Nxd4
Nf6 9.O-O O-O 10.N2f3 Qc7 11.Qe2 a6 12.Bb3 Bg4 13.h3 Bxf3 14.Nxf3 Nc6 15.
Be3 Rad8 16.Rad1 Rxd1 17.Rxd1 Rd8 18.Rxd8+ Nxd8 19.Qc4 Qxc4 20.Bxc4 Nc6 
21.a4 Kf8 22.Kf1 Ke8 23.Ke2 e6 24.g3 Ne4 25.Bd3 Nf6 26.Kd1 Nd5 27.Bd2 h6 
28.Kc2 Kd7 29.b4 g5 30.Kb3 Kc7 31.c4 Nde7 32.b5 Nd4+ 33.Nxd4 Bxd4 34.f4 
axb5 35.cxb5 f6 36.fxg5 fxg5 37.g4 Nd5 38.Be4 Kd6 39.Kc4 Bf2 40.a5 Ke5 41.
Bh1 Kd6 42.Bc1 Bc5 43.Bf3 Ba7 44.b6 Nxb6+ 45.axb6 Bxb6 46.Bb2 Bd8 47.Bg7 
b6 48.Kd4 Ke7 49.Bxh6 Kf7 50.Be4 Be7 51.Bd3 b5 52.h4 gxh4 53.Bxb5 Kg6 54.
Bf4 Bg5 55.Be8+ Kf6 56.Bh2 Bd2 57.Ke4 Bc1 58.Bc7 Ke7 59.Bc6 Bd2 60.Kf3 Be1
61.g5 Bd2 62.Kg4 h3 63.Be5 Kf7 64.Be4 Bc1 65.g6+ Kg8 66.Kxh3 1-0

[Event "26th EUR-ch"]
[Site "Katowice POL"]
[Date "2026.04.14"]
[Round "7.119"]
[White "Sieciechowicz, Marcin"]
[Black "Gov, Guy"]
[Result "1-0"]
[WhiteElo "2383"]
[BlackElo "2222"]
[EventDate "2026.04.07"]
[PlyCount "79"]

1.Nf3 d5 2.g3 Bg4 3.Bg2 c6 4.h3 Bh5 5.c4 Nf6 6.Qb3 Qc7 7.cxd5 cxd5 8.Nc3 
Bxf3 9.Bxf3 e6 10.d3 Nc6 11.O-O a6 12.Bf4 Bd6 13.Bxd6 Qxd6 14.Qxb7 O-O 15.
Qb3 Rfb8 16.Qc2 Nd4 17.Qd2 Nxf3+ 18.exf3 Rb4 19.Rac1 h5 20.h4 Nd7 21.f4 
Rab8 22.b3 e5 23.Ne2 Qe6 24.Kg2 Qf5 25.Rc6 a5 26.Rfc1 Kh7 27.Ra6 R8b5 28.
Rc7 exf4 29.Nxf4 Ne5 30.Qe3 Ng4 31.Qf3 Rd4 32.Raa7 Nh6 33.Qe3 Rbb4 34.Nh3 
Rg4 35.Ng5+ Rxg5 36.hxg5 Ng4 37.Qf3 Qxf3+ 38.Kxf3 Ne5+ 39.Ke2 Rb5 40.f4 
1-0

[Event "26th EUR-ch"]
[Site "Katowice POL"]
[Date "2026.04.14"]
[Round "7.120"]
[White "Bourg, Nicolas"]
[Black "Kurmann, Oliver"]
[Result "1/2-1/2"]
[WhiteElo "2249"]
[BlackElo "2377"]
[EventDate "2026.04.07"]
[PlyCount "52"]

1.e4 c5 2.Bc4 e6 3.Qe2 Nc6 4.Nf3 g6 5.c3 Bg7 6.O-O Nge7 7.Bb3 d5 8.e5 c4 
9.Bc2 Qc7 10.Re1 g5 11.Na3 a6 12.Nxg5 Qxe5 13.d4 cxd3 14.Qd2 Qc7 15.Bxd3 
h6 16.Nf3 e5 17.c4 d4 18.b4 f5 19.b5 Nd8 20.Bb2 O-O 21.c5 Nf7 22.b6 Qd8 
23.Bc4 Nc6 24.Rad1 Kh7 25.Nc2 Ng5 26.Nxg5+ hxg5 1/2-1/2

[Event "26th EUR-ch"]
[Site "Katowice POL"]
[Date "2026.04.14"]
[Round "7.121"]
[White "Vagman, Roy"]
[Black "Korszanski, Stanislaw"]
[Result "1-0"]
[WhiteElo "2377"]
[BlackElo "2215"]
[EventDate "2026.04.07"]
[PlyCount "91"]

1.e4 e6 2.d4 d5 3.Nd2 Nf6 4.e5 Nfd7 5.f4 c5 6.c3 Nc6 7.Ndf3 Qb6 8.a3 cxd4 
9.cxd4 Na5 10.Ne2 Qb3 11.Nc3 Qxd1+ 12.Kxd1 Nb3 13.Rb1 a6 14.Be3 Nb6 15.Kc2
Na5 16.Ra1 Bd7 17.b3 Be7 18.Bd3 O-O 19.g4 Rfc8 20.Kb2 Rc7 21.h4 Rac8 22.
Bd2 Nc6 23.Raf1 Na7 24.Rf2 Nb5 25.Nxb5 Bxb5 26.Bb1 Be8 27.f5 a5 28.Bxa5 
Ra8 29.Bb4 Bxb4 30.axb4 Rac8 31.fxe6 h6 32.exf7+ Bxf7 33.Bf5 Rf8 34.e6 Be8
35.h5 Nc8 36.Ne5 Kh8 37.Rhf1 Nd6 38.Bg6 Rxf2+ 39.Rxf2 Kg8 40.Bxe8 Nxe8 41.
Rf7 Rc8 42.Ng6 Kh7 43.Rf8 Nd6 44.e7 Re8 45.Kb1 b5 46.Ka2 1-0

[Event "26th EUR-ch"]
[Site "Katowice POL"]
[Date "2026.04.14"]
[Round "7.122"]
[White "Dubinski, Mateusz"]
[Black "Nunez Gregoire, Daniel"]
[Result "1-0"]
[WhiteElo "2222"]
[BlackElo "2375"]
[EventDate "2026.04.07"]
[PlyCount "103"]

1.d4 d6 2.Nf3 g6 3.c4 Bg7 4.Nc3 Bg4 5.e3 c5 6.Be2 Nc6 7.d5 Bxc3+ 8.bxc3 
Na5 9.h3 Bxf3 10.gxf3 Qd7 11.Rb1 b6 12.e4 O-O-O 13.h4 Nf6 14.Bh6 Rhg8 15.
Bf1 Kb8 16.Rb5 Nh5 17.Bh3 Qe8 18.Qa4 Ka8 19.Kd2 Rb8 20.Rxa5 bxa5 21.Bd7 
Rb2+ 22.Kc1 Qb8 23.Bc6+ Rb7 24.Kd2 Rc8 25.Rb1 Rc7 26.Rxb7 Rxb7 27.Bxb7+ 
Qxb7 28.Qe8+ Qb8 29.Qc6+ Qb7 30.Qe8+ Qb8 31.Qxb8+ Kxb8 32.Bf8 Kc7 33.Bxe7 
Nf4 34.Bg5 Nh5 35.f4 Ng7 36.Bh6 Ne8 37.e5 f6 38.Bf8 h5 39.f5 gxf5 40.exd6+
Nxd6 41.Bxd6+ Kxd6 42.f4 Kc7 43.Kc2 a4 44.Kb2 Kb6 45.Ka3 Ka5 46.d6 Kb6 47.
Kxa4 Kc6 48.Ka5 Kxd6 49.Ka6 Kc6 50.Kxa7 Kc7 51.Ka6 Kc6 52.a4 1-0

[Event "26th EUR-ch"]
[Site "Katowice POL"]
[Date "2026.04.14"]
[Round "7.124"]
[White "Pycinski, Wladyslaw"]
[Black "Talu, Mircea"]
[Result "1/2-1/2"]
[WhiteElo "2218"]
[BlackElo "2371"]
[EventDate "2026.04.07"]
[PlyCount "96"]

1.e4 e5 2.Nf3 Nc6 3.Bc4 Bc5 4.c3 Nf6 5.d4 exd4 6.cxd4 Bb4+ 7.Nc3 Nxe4 8.
O-O Bxc3 9.d5 Ne5 10.bxc3 Nxc4 11.Qd4 O-O 12.Qxe4 b5 13.d6 c6 14.Bf4 Qf6 
15.Rad1 Bb7 16.Ng5 Qg6 17.Rfe1 f6 18.Qxg6 hxg6 19.Ne4 Rae8 20.Nc5 Bc8 21.
f3 g5 22.Bg3 f5 23.a4 Rxe1+ 24.Rxe1 f4 25.Bf2 Nxd6 26.Ne4 Nxe4 27.Rxe4 
bxa4 28.Bxa7 Ba6 29.Rxa4 Bb5 30.Ra5 Re8 31.h3 Re1+ 32.Kh2 Rc1 33.Bd4 Rc2 
34.Ra7 c5 35.Bxc5 Bf1 36.Rxd7 Rxg2+ 37.Kh1 Rg3 38.Bd4 Bxh3 39.Rxg7+ Kf8 
40.Kh2 Bg2 41.Bf6 Bf1 42.Rxg5 Rxf3 43.Bd4 Bd3 44.Rg2 Bf5 45.Rf2 Rh3+ 46.
Kg1 Rg3+ 47.Kh2 Rh3+ 48.Kg1 Rg3+ 1/2-1/2

[Event "26th EUR-ch"]
[Site "Katowice POL"]
[Date "2026.04.14"]
[Round "7.125"]
[White "Kochavi, Dana"]
[Black "Holtel, Jasper"]
[Result "1/2-1/2"]
[WhiteElo "2196"]
[BlackElo "2370"]
[EventDate "2026.04.07"]
[PlyCount "154"]

1.e4 c6 2.Nc3 d5 3.Nf3 dxe4 4.Nxe4 Nf6 5.Qe2 Nxe4 6.Qxe4 Nd7 7.d4 Nf6 8.
Qd3 Bg4 9.Ne5 Bh5 10.Be3 e6 11.g3 Bd6 12.Bg2 O-O 13.Nc4 Nd5 14.O-O Nxe3 
15.Nxe3 Bg6 16.Qb3 Qb6 17.c3 Bc7 18.Qa3 Rfd8 19.Rfd1 Bd6 20.Qb3 Qxb3 21.
axb3 a6 22.b4 Bc7 23.f4 Kf8 24.Re1 h6 25.Kf2 Bd3 26.Rad1 Bh7 27.Nc4 g5 28.
fxg5 hxg5 29.Kf3 Kg7 30.Ne5 a5 31.bxa5 Rxa5 32.Nc4 Ra4 33.Bf1 Bf5 34.Ne3 
Bg6 35.Kf2 Ra2 36.Rd2 Rh8 37.Kg1 Rha8 38.Bc4 Ra1 39.Rdd1 Rxd1 40.Rxd1 Ra5 
41.Kf2 Ra8 42.Ke1 f5 43.Kf2 Kf6 44.Re1 Bf7 45.Nf1 Bd6 46.Nd2 g4 47.Bb3 b5 
48.c4 c5 49.cxb5 cxd4 50.Nc4 e5 51.Rc1 Bxc4 52.Rxc4 e4 53.b6 Ke5 54.Rc6 d3
55.Bc4 Rh8 56.Kg2 d2 57.Be2 Rb8 58.Rc2 Bb4 59.Rc6 Bd6 60.Rc2 e3 61.Rc3 Ke4
62.Rb3 Ra8 63.b7 Ra1 64.Rd3 Bb8 65.Rd8 Re1 66.Bd3+ Ke5 67.Rxb8 d1=Q 68.
Re8+ Kf6 69.Rf8+ Ke7 70.Re8+ Kf6 71.Rf8+ Ke6 72.Re8+ Kd5 73.Rd8+ Ke6 74.
Re8+ Kf6 75.Rf8+ Kg7 76.Rg8+ Kf6 77.Rf8+ Kg7 1/2-1/2

[Event "26th EUR-ch"]
[Site "Katowice POL"]
[Date "2026.04.14"]
[Round "7.126"]
[White "Godart, Francois"]
[Black "Rudzinska, Michalina"]
[Result "1-0"]
[WhiteElo "2369"]
[BlackElo "2204"]
[EventDate "2026.04.07"]
[PlyCount "67"]

1.e4 c5 2.Nf3 d6 3.d4 cxd4 4.Nxd4 Nf6 5.Nc3 a6 6.Be3 e5 7.Nb3 Be6 8.Qd2 
Nbd7 9.f3 b5 10.g4 h6 11.a3 Nb6 12.Na5 Qc7 13.O-O-O Be7 14.h4 d5 15.Bxb6 
Qxb6 16.Nxd5 Nxd5 17.exd5 Rd8 18.c4 bxc4 19.Bxc4 O-O 20.Qc3 Bd7 21.Nc6 
Bxc6 22.dxc6 Bxh4 23.Rxh4 Rxd1+ 24.Kxd1 Qd8+ 25.Bd3 Qxh4 26.c7 Qh1+ 27.Kc2
e4 28.Bxa6 exf3 29.c8=Q Rxc8 30.Qxc8+ Kh7 31.Qf5+ Kg8 32.Bc4 Qh2+ 33.Kc3 
Kh8 34.Qxf3 1-0

[Event "26th EUR-ch"]
[Site "Katowice POL"]
[Date "2026.04.14"]
[Round "7.127"]
[White "Djurovic, Peko"]
[Black "Goroskov, Maksim"]
[Result "1/2-1/2"]
[WhiteElo "2191"]
[BlackElo "2364"]
[EventDate "2026.04.07"]
[PlyCount "55"]

1.e4 d5 2.exd5 Nf6 3.d4 Nxd5 4.c4 Nb6 5.Nf3 Bf5 6.Nc3 e6 7.h3 Bb4 8.Be2 
O-O 9.O-O c5 10.a3 cxd4 11.axb4 d3 12.Bxd3 Bxd3 13.c5 Bxf1 14.Qxd8 Rxd8 
15.cxb6 Bd3 16.Bf4 Nc6 17.b5 axb6 18.Rxa8 Rxa8 19.bxc6 bxc6 20.Ne5 Bb5 21.
Be3 Rd8 22.Nxb5 Rd1+ 23.Kh2 cxb5 24.Bxb6 f6 25.Nf3 Rb1 26.Bd4 e5 27.Bc3 b4
28.Bxb4 1/2-1/2

[Event "26th EUR-ch"]
[Site "Katowice POL"]
[Date "2026.04.14"]
[Round "7.128"]
[White "Luczak, Filip"]
[Black "Starosta, Martyna"]
[Result "1-0"]
[WhiteElo "2362"]
[BlackElo "2199"]
[EventDate "2026.04.07"]
[PlyCount "59"]

1.d4 Nf6 2.Nf3 e6 3.c4 c5 4.d5 b5 5.e4 Nxe4 6.Bd3 Nf6 7.O-O bxc4 8.Bxc4 
Bb7 9.Nc3 Qc8 10.Re1 Be7 11.Ng5 Ba6 12.Bb3 c4 13.Bc2 Bb7 14.Nge4 Na6 15.
Nxf6+ Bxf6 16.Ne4 Be7 17.Qg4 g6 18.Bg5 f5 19.Qh4 Bb4 20.a3 fxe4 21.axb4 
exd5 22.Rxa6 O-O 23.Raa1 Qc6 24.Be3 a6 25.Bd4 Rf7 26.Qg3 d6 27.h4 Rf5 28.
Bd1 Bc8 29.h5 Qe8 30.hxg6 1-0

[Event "26th EUR-ch"]
[Site "Katowice POL"]
[Date "2026.04.14"]
[Round "7.129"]
[White "Vijayakumar, Rishi"]
[Black "Obada, Ema"]
[Result "1/2-1/2"]
[WhiteElo "2347"]
[BlackElo "2181"]
[EventDate "2026.04.07"]
[PlyCount "98"]

1.Nf3 Nf6 2.c4 c6 3.Nc3 d5 4.d4 dxc4 5.a4 Bf5 6.Ne5 Nbd7 7.Nxc4 Qc7 8.g3 
e5 9.dxe5 Nxe5 10.Bf4 Nfd7 11.Bg2 g5 12.Bxe5 Nxe5 13.Qd4 f6 14.O-O-O Be6 
15.f4 gxf4 16.gxf4 Rd8 17.Qxd8+ Qxd8 18.Rxd8+ Kxd8 19.fxe5 Bxc4 20.exf6 
Kc7 21.Kc2 Bd6 22.b3 Be6 23.Rf1 Bxh2 24.Ne4 h6 25.Nc5 Bc8 26.Nd3 Be6 27.
Nc5 Bc8 28.Nd3 Be6 29.Rh1 Bg3 30.Bh3 Bd5 31.Rg1 Rg8 32.Bf5 Bh4 33.Rg7+ 
Rxg7 34.fxg7 Bf6 35.Nf4 Bxg7 36.Nxd5+ cxd5 37.Bg4 Kd6 38.e3 b6 39.Kd3 Ke5 
40.Bh5 Bf6 41.Bf3 Kd6 42.Bh5 Kc5 43.Bf3 a5 44.Kd2 Be7 45.Kd3 Bg5 46.Ke2 h5
47.Bxh5 Kb4 48.Be8 Kxb3 49.Kd3 Bf6 1/2-1/2

[Event "26th EUR-ch"]
[Site "Katowice POL"]
[Date "2026.04.14"]
[Round "7.130"]
[White "Kaczmarek, Aleksander"]
[Black "Kondys, Piotr"]
[Result "1-0"]
[WhiteElo "2340"]
[BlackElo "2178"]
[EventDate "2026.04.07"]
[PlyCount "83"]

1.e4 e6 2.d4 d5 3.e5 c5 4.c3 Bd7 5.Bd3 Nc6 6.Nf3 cxd4 7.cxd4 Qb6 8.O-O 
Nxd4 9.Nbd2 Nxf3+ 10.Nxf3 Ne7 11.Be3 Qd8 12.Bc5 Nc6 13.Bxf8 Kxf8 14.a3 a5 
15.Qd2 Qb6 16.Rac1 h6 17.Rc2 Ke7 18.Qf4 Rhc8 19.h4 Na7 20.Rd2 Bb5 21.Nd4 
Bxd3 22.Rxd3 Nc6 23.Rf3 Rf8 24.Nxc6+ bxc6 25.Qg3 Rg8 26.Rb3 Qa7 27.Rc1 c5 
28.Rb5 Rac8 29.Qc3 a4 30.Ra5 Qb6 31.Rxa4 Rc7 32.Rg4 Rb8 33.Rxg7 Qxb2 34.
Qe3 Rf8 35.Rxc5 Rfc8 36.Qf4 Qb1+ 37.Kh2 Qf5 38.Rxc7+ Rxc7 39.Qb4+ Kd7 40.
Qd6+ Kc8 41.Rg8+ Kb7 42.Qb4+ 1-0

[Event "26th EUR-ch"]
[Site "Katowice POL"]
[Date "2026.04.14"]
[Round "7.131"]
[White "Unat, Can Haktan"]
[Black "Shpanko, Nadiia"]
[Result "1-0"]
[WhiteElo "2333"]
[BlackElo "2166"]
[EventDate "2026.04.07"]
[PlyCount "109"]

1.e4 c5 2.Nf3 g6 3.d4 cxd4 4.Nxd4 Nc6 5.Nc3 Bg7 6.Nb3 Nf6 7.Bg5 d6 8.Qd2 
h6 9.Be3 Be6 10.O-O-O a6 11.f3 Rc8 12.Kb1 Ne5 13.Nd5 b5 14.Nxf6+ Bxf6 15.
Nd4 Bc4 16.Bd3 Bg7 17.Rhf1 d5 18.f4 Ng4 19.e5 Nxh2 20.Rfe1 Ng4 21.Bg1 O-O 
22.Bxg6 fxg6 23.Ne6 Qe8 24.Nxf8 Bxf8 25.b3 e6 26.Qa5 Qc6 27.Rd2 Rb8 28.Bd4
Be7 29.Ka1 Bd8 30.Qc3 b4 31.Qg3 h5 32.bxc4 Qxc4 33.Qb3 Qc6 34.Qd3 Kf7 35.
Rc1 Bb6 36.c4 bxc3 37.Rxc3 Bxd4 38.Qxd4 Qd7 39.Rdc2 Rb7 40.Rc8 Kg7 41.Qc5 
Qf7 42.Qd4 g5 43.g3 gxf4 44.gxf4 Kh6 45.R8c6 Rb5 46.a4 Rb7 47.Qxd5 Re7 48.
Qe4 Kg7 49.Rxa6 Qg6 50.Qxg6+ Kxg6 51.Ra8 Rh7 52.a5 h4 53.Rg2 Kh5 54.Rg8 h3
55.Rg5+ 1-0

[Event "26th EUR-ch"]
[Site "Katowice POL"]
[Date "2026.04.14"]
[Round "7.132"]
[White "Meirovich, Ilay"]
[Black "Bracker, Frank"]
[Result "1/2-1/2"]
[WhiteElo "2190"]
[BlackElo "2332"]
[EventDate "2026.04.07"]
[PlyCount "157"]

1.c4 e6 2.g3 Nf6 3.Bg2 d5 4.d4 Bb4+ 5.Nd2 O-O 6.Nf3 dxc4 7.Qc2 a5 8.a3 
Bxd2+ 9.Bxd2 b5 10.a4 Bb7 11.axb5 Qd5 12.Rxa5 Rxa5 13.Bxa5 Qxb5 14.Bxc7 
Na6 15.Bf4 Nb4 16.Qc1 Na2 17.Qc2 Be4 18.Qd2 c3 19.bxc3 Qb1+ 20.Qd1 Qxd1+ 
21.Kxd1 Nxc3+ 22.Kd2 Nb1+ 23.Kd1 Ra8 24.Ne1 Nc3+ 25.Kd2 Nfd5 26.Bxe4 Nxe4+
27.Kc1 g5 28.Be3 Ra2 29.Nc2 Nb4 30.Nxb4 Ra1+ 31.Kc2 Rxh1 32.f3 Nd6 33.Bxg5
Rxh2 34.Kd3 Rh1 35.g4 Rd1+ 36.Bd2 Nc4 37.Kxc4 Rxd2 38.e3 Kf8 39.d5 Ke7 40.
dxe6 Kxe6 41.Kc3 Rd1 42.Nc2 Kf6 43.Nd4 Kg5 44.Kc2 Ra1 45.Kd3 Ra2 46.Ke4 
Ra3 47.Nf5 Ra4+ 48.Nd4 Ra8 49.Kd3 Re8 50.Ke2 Kh4 51.Kf2 Ra8 52.Ke2 Ra3 53.
Nf5+ Kh3 54.Nd6 Ra7 55.Nf5 Ra2+ 56.Kd3 Kg2 57.Ke4 Ra4+ 58.Nd4 Kg3 59.g5 
Ra5 60.Nf5+ Kf2 61.f4 Ra6 62.Nd4 Ra8 63.Nc6 Re8+ 64.Ne5 Re7 65.f5 Ra7 66.
Kf4 Kg2 67.Ng4 Ra8 68.Nf6 Rh8 69.Ng4 Kh3 70.e4 Kh4 71.Nf6 Ra8 72.Nxh7 Ra5 
73.g6 fxg6 74.fxg6 Ra1 75.e5 Rf1+ 76.Ke4 Rg1 77.e6 Rxg6 78.Kf5 Rxe6 79.
Kxe6 1/2-1/2